000 00355nam a2200145Ia 4500
008 230917s9999||||xx |||||||||||||| ||und||
040 _e30661
_aMAIN
041 _aEnglish
082 _a342.54 P192E
100 _aPanday, Manoj
245 0 _aEssential of the Indian constitution
260 _aNew Delhi
_bVikas
_c1996
300 _a176 p.
942 _cBK
999 _c101856
_d101856